| 000 | 01174camaa2200385Mu 4500 | ||
|---|---|---|---|
| 001 | 96203 | ||
| 005 | 20230410130819.0 | ||
| 008 | 910821s1989 sp 001 f spa d | ||
| 035 | _a(OCoLC)ocn434564779 | ||
| 040 |
_aBNM _erdc _bspa _cBNM |
||
| 016 | 7 |
_abimoBNE19911009392 _2SpMaBN |
|
| 017 | _aB 11112-1989 | ||
| 020 | _a8440606729 | ||
| 020 | _a9788440606723 | ||
| 035 | _a(OCoLC)434564779 | ||
| 041 | 1 |
_aspa _hfre |
|
| 080 | _a840-31"19" | ||
| 050 | 1 | 4 |
_aPQ 2672 _bL668u 1989 |
| 049 | _aGRAL | ||
| 100 | 1 | _aLévy, Bernard-Henri. | |
| 245 | 1 | 4 |
_aLos últimos días de Charles Baudelaire / _cBernard-Henri Lévy ; traducción de Manuel Serrat Crespo. |
| 260 |
_aBarcelona: _bEdiciones B grupoZ , _c1989. |
||
| 300 |
_a249 p. ; _c22 cm. |
||
| 440 | 0 |
_aTiempos modernos; _v5 |
|
| 500 | _aIncluye índice | ||
| 500 | _aTraducido del idioma original: Les derniers jours de Charles Baudelaire | ||
| 600 | 1 | 0 |
_aBaudelaire, Charles, _d1821-1867 |
| 650 | 0 |
_aTrama novelesca _xroman |
|
| 650 | 4 | _aCES | |
| 650 | 4 | _aColección Enriquillo Sánchez | |
| 700 | 1 |
_aSerrat Crespo, Manuel, _d1942- |
|
| 942 |
_2lcc _cbk |
||
| 946 | _amjcruz | ||
| 994 |
_aC0 _bDRFGD |
||
| 999 |
_c80871 _d80871 |
||